Die Gemeinnützige Milchversorgung in Deutschland : Untersuchungen über Preisbildung. Abteilung a: Preisbildung Bei Agrarischen Erzeugnissen. Milchwirtschaftliche Erzeugnisse. Fünfter Teil. (Schriften des Vereins Für Sozialpolitik 140-V).

Bibliographic Details
Main Author: Arnold, Philipp.
Other Authors: Sering, Max.
Format: eBook
Language:German
Published: Berlin : Duncker & Humblot, 2014.
Edition:1st ed.
Series:Duncker and Humblot Reprints Series
Subjects:
Online Access:Click to View
LEADER 03821nam a22004093i 4500
001 EBC7101355
003 MiAaPQ
005 20240729202204.0
006 m o d |
007 cr cnu||||||||
008 240729s2014 xx o ||||0 ger d
020 |a 9783428574346  |q (electronic bk.) 
020 |z 9783428174348 
035 |a (MiAaPQ)EBC7101355 
035 |a (Au-PeEL)EBL7101355 
035 |a (OCoLC)1347026479 
040 |a MiAaPQ  |b eng  |e rda  |e pn  |c MiAaPQ  |d MiAaPQ 
100 1 |a Arnold, Philipp. 
245 1 4 |a Die Gemeinnützige Milchversorgung in Deutschland :  |b Untersuchungen über Preisbildung. Abteilung a: Preisbildung Bei Agrarischen Erzeugnissen. Milchwirtschaftliche Erzeugnisse. Fünfter Teil. (Schriften des Vereins Für Sozialpolitik 140-V). 
250 |a 1st ed. 
264 1 |a Berlin :  |b Duncker & Humblot,  |c 2014. 
264 4 |c {copy}1914. 
300 |a 1 online resource (177 pages) 
336 |a text  |b txt  |2 rdacontent 
337 |a computer  |b c  |2 rdamedia 
338 |a online resource  |b cr  |2 rdacarrier 
490 1 |a Duncker and Humblot Reprints Series 
505 0 |a Intro -- Geleitwort -- Inhaltsübersicht -- Die Milchversorgung der Stadt Mannheim. Ein Beitrag zur Frage der kommunalen Milchversorgung. Von Dr. Anna Witzenhausen, Mannheim -- Vorwort -- Inhaltsverzeichnis -- Einleitung. Das statistische Material -- Erster Teil. Die Deckung des Milchbedarfs -- I. Die Eigenproduktion -- II. Die Milchzufuhr auf Landstraßen -- III. Die Milchzufuhr durch die Eisenbahn -- A. Der Tarif -- B. Die Größe der Bahnzufuhr, insbesondere die Bedeutung der verschiedenen Entfernungszonen -- C. Versandstrecken und Empfangsbahnhöfe -- D. Die monatlichen Schwankungen der Milchzufuhr -- E. Produktionsorte und Produktionsgebiete -- IV. Produzenten, Produzentenorganisationen, Zwischenhändler -- Zweiter Teil. Die Distribution in Mannheim -- I. Die ortspolizeilichen Vorschriften und die Milchkontrolle -- II. Der Milchverbrauch pro Kopf der Bevölkerung -- III. Der Milchverkauf durch die städtischen Produzenten und die Einbringer -- IV. Die städtischen Milchhändler -- V. Die Erste Molkereigenossenschaft Mannheimer Milchhändler -- VI. Die kommunale Milchversorgung in Mannheim -- A. Die Frage der kommunalen Milchversorgung -- B. Die Mannheimer Milchzentrale -- VII. Die Mannheimer Milchküchen -- A. Allgemeines über Milchküchen -- B. Die Milchküchen des Frauenvereins und der Rheinischen Gummi- und Zelluloidfabrik in Mannheim -- VIII. Sonstige Arten des Milchvertriebs -- A. Der Milchausschank durch Milchhäuschen und Sodawasserbuden -- B. Der Milchausschank in Volksküchen -- C. Das Schülerfrühstück -- D. Der Werkausschank von Milch -- Dritter Teil. Der Milchpreis -- Schlußbetrachtung -- Anhang -- Der gemeinnützige öffentliche Milchausschank in Rheinland und Westfalen. Von Professor Dr. Kamp, Bonn -- Inhaltsverzeichnis -- Vorwort -- Die Entstehung des gemeinnützigen Milchausschanks -- Milchhäuschen, der Werkausschank u. a. 
505 8 |a Milch und Milcharten -- Rückblick und Ausschau auf den öffentlichen Milchausschank -- Wandlungen in der Volksernährung -- Literatur. 
588 |a Description based on publisher supplied metadata and other sources. 
590 |a Electronic reproduction. Ann Arbor, Michigan : ProQuest Ebook Central, 2024. Available via World Wide Web. Access may be limited to ProQuest Ebook Central affiliated libraries.  
655 4 |a Electronic books. 
700 1 |a Sering, Max. 
776 0 8 |i Print version:  |a Arnold, Philipp  |t Die Gemeinnützige Milchversorgung in Deutschland  |d Berlin : Duncker & Humblot,c2014  |z 9783428174348 
797 2 |a ProQuest (Firm) 
830 0 |a Duncker and Humblot Reprints Series 
856 4 0 |u https://ebookcentral.proquest.com/lib/matrademy/detail.action?docID=7101355  |z Click to View